Дело по отношению синодального обер-прокурора, о построении в Астрахани при соборной церкви колокольни

Доступно только в Электронных читальных залах Найти на картеНа карте
RUSMARC
00003676nmc2a2200000 x 450
00105eff210-6bbe-44e3-a3e1-f22cf5e0f04c
00520170118131919.0
100##$a20141003l18061806k l0rusy0189 ca
1010#$arus
102##$aRU
2001#$aДело по отношению синодального обер-прокурора, о построении в Астрахани при соборной церкви колокольни
$j[Начато]18 апреля 1806 г.
251##$cДело
300##$aДело
801#0$aRU
$bРГИА
$c20141003
$gRCR
801#1$aRU
$bГлавНИВЦ
$c20141003
$2rusmarc
801#2$aRU
$bПБ им. Б.Н. Ельцина
$c20170118
$gRCR
$2rusmarc
850##$aРГИА
852##$aРГИА
$eФедеральное казенное учреждение "Российский государственный исторический архив" (РГИА)
$j129
937##$hРГИА
$d11614261
$aASBIBLIO_SCAN
462#0$1001be294987-8465-4f10-8ac6-8b4408505da9
$12001
$a1802-1810 гг. Дела Департамента полиции исполнительной МВД за 1806 г.
$1251
$cОпись
$1852
$j1
461#0$10013e300ed0-cd39-49af-8489-5ba5b90fa401
$12001
$aДепартамент полиции исполнительной МВД
$1251
$cФонд
$1852
$j1286
215##$a9 л.
$d36,5x26 см
371##$aДокумент не является опубликованным и широко распространяемым
105##$aу###
1222#$ad
035##$a05eff210-6bbe-44e3-a3e1-f22cf5e0f04c
856##$uhttp://readingroom.main.prlib.ru/item.aspx?id_node=n94545420&mode=full
Формат отображения